00735nam a2200241 a 4500001001300000003000900013005001700022008004100039020002600080082001500106100002200121245005500143260004200198300000900240500003500249505001900284650002200303700002200325902000800347942000700355952011600362999001500478nice12345678IN_TiNIC20260116013127.0050524s1993 graa grp 000 0 eng  a0801029 c524.6500a269.2bLIV aLivingstone, Greg aPlanting Churches in Muslim Citiesb Team Approach aGrand RapidsbBaker Book House c1993 a271p aincludes index and biblioraphy2 aIndex, Biblio. aEvangelistic Work1 aLivingstone, Greg bSRS cBK 001040708StackRoom-aHMIbHMId2011-06-17g524.65l0o269.2 LIVp016497r2011-06-17v524.65w2005-05-24yBK c9767d9767